000 01109 a2200217 4500
001 53333
005 20260407155807.0
008 260407a1968 arg spa d
003 AR-UNSa-BCEJYS
040 _aAR-UNSa-BCEJYS
_bspa
_cAR-UNSa-BCEJYS
080 _a551.46
_xOceanografía física. Topografía submarina. Fondo oceánico
245 1 0 _aEl cultivo del océano
264 1 _aBarcelona :
_bLabor
_c1968
300 _a201 p.
_c19 cm.
505 _aPrimera Parte: EL MUNDO MARINO: 1. El medio marino – 2. Los seres vivientes - - Segunda Parte: AGRESIONES CONTRA EL MUNDO MARINO: 1. Contaminaciones destructoras – 2. La explotación oceánica – 3. Aportación directa o indirecta a la dietética humana – 4. Capturar sin despoblar - - Tercera Parte: CULTIVO Y CRÍA MARINOS: 1. Ensayos técnicos de laboratorio – 2. Ensayos de enriquecimiento del medio marino – 3. La piscifactura marina – 4. La preparación de las lagunas para la cría marina.
041 _aspa
942 _cBK
590 _aniveau_biblio:m niveau_hierar:0
100 1 _aAubert, Maurice
700 1 _aRibera, Antonio
999 _c5189
_d5189